Rainbow children's concise knowledge bank / (Record no. 180195)

MARC details
000 -LEADER
fixed length control field 00792nam a22002057a 4500
005 - DATE AND TIME OF LATEST TRANSACTION
control field 20210728143556.0
010 ## - LCCN (DPL NO)
LC control number B-740678-679
020 ## - INTERNATIONAL STANDARD BOOK NUMBER
International Standard Book Number 978818153489 (Pt.1)
Terms of availability 240.00
020 ## - INTERNATIONAL STANDARD BOOK NUMBER
International Standard Book Number 9788181534996 (Pt.2)
Terms of availability 240.00
035 ## - SYSTEM CONTROL NUMBER
System control number B-740678-679
037 ## - SOURCE OF ACQUISITION
Source of stock number/acquisition Rainbow Books
082 ## - DEWEY DECIMAL CLASSIFICATION NUMBER
Classification number 030
245 ## - TITLE STATEMENT
Title Rainbow children's concise knowledge bank /
Statement of responsibility, etc compiled and edited by Aakanksha
260 ## - PUBLICATION, DISTRIBUTION, ETC. (IMPRINT)
Place of publication, distribution, etc Delhi
Name of publisher, distributor, etc Rainbow Books
Date of publication, distribution, etc 2018
270 ## - ADDRESS
Address F-32, Street No.12, Parwana Road, Jagat Puri,
City Delhi
Postal code 110051
300 ## - PHYSICAL DESCRIPTION
Extent 2Pts.(104p.; 104p.):
Dimensions 25cm(Hb)
Other physical details col. ill.
700 ## - ADDED ENTRY--PERSONAL NAME
Personal name Aakanksha
942 ## - ADDED ENTRY ELEMENTS (KOHA)
Source of classification or shelving scheme Dewey Decimal Classification
Item type Children Books
Call number suffix RAI
Classification part 030
Holdings
Withdrawn status Lost status Materials specified (bound volume or other part) Not for loan Collection code Home library Current library Date acquired Source of acquisition Cost, normal purchase price Full call number Barcode Copy number Cost, replacement price Koha item type Public note
    vol.1   Non-fiction Central Library Central Library 28/07/2021 Gift/Eng/07-07-2021 240.00 030 RAI B-740678 1 240.00 Children Books Gift
    vol.2   Non-fiction Central Library Central Library 28/07/2021 Gift/Eng/07-07-2021 240.00 030 RAI B-740679 1 240.00 Children Books Gift

© Delhi Public Library
Hit Counter
free hit counter